000 01527nam1a2200337 i 4500
001 RU\NLR\bibl\1949402
005 20260406124222.0
035 _a(NLR Aleph) 001938565
090 _a3533761
_c3533761
100 _a20120927g20129999u y0rusy50 ca
101 0 _arus
102 _aRU
105 _a||||z |||||
200 1 _aАлгебра и начала математического анализа
_e11 класс
_eдля учащихся общеобразовательных учреждений (профильный уровень)
_eА.Г. Мордкович, П.В. Семенов
205 _a6-е изд., стер.
210 _aМосква
_cМнемозина
_d2012
215 _d22
463 0 _10011939702
463 0 _10011937897
606 _aАлгебра
_jУчебники для средней школы
_9922117
_3RU\NLR\auth\6619328
606 1 _aМатематический анализ
_jУчебники для средней школы
_9963473
_3RU\NLR\auth\6641277
686 _aВ151я721-1
686 _aВ161.1я721-1
700 1 _4070
_7ca
_8rus
_aМордкович
_bА. Г.
_f1940-
_gАлександр Григорьевич
_9111018
_3RU\NLR\auth\77983
701 1 _4070
_aСеменов
_bП. В.
_cд-р физ.-мат. наук
_gПавел Владимирович
_926938
_3RU\NLR\auth\7743996
801 0 _aRU
_bNLR
_c20120927
_gRCR
801 1 _aRU
_bNLR
_c20120927
852 _aNLR
_j2012-5/6658
942 _cBOOK